Mezei őz károkozásának vizsgálata intenzíven művelt mezőgazdasági területen

Elmentve itt :
Bibliográfiai részletek
Szerző: Bozó Jánosné
További közreműködők: Hagymási László (Témavezető)
Dokumentumtípus: Szakdolgozat
Megjelent: 1991
Kulcsszavak:Vadkár
Mezei őz
Őzkár
Tárgyszavak:
Online Access:http://diploma.bibl.u-szeged.hu/99637
LEADER 00780nta a2200241 i 4500
001 dipl99637
005 20211221123822.0
008 211215s1991 hu om 0|| hun d
040 |a SZTE Diploma Repozitórium  |b hun 
041 |a hun 
100 1 |a Bozó Jánosné 
245 1 0 |a Mezei őz károkozásának vizsgálata intenzíven művelt mezőgazdasági területen  |h [elektronikus dokumentum] /  |c Jánosné Bozó 
260 |c 1991 
300 |a 27 
650 4 |a Agrár 
650 4 |a Agricultural sciences 
650 4 |a Agriculture, forestry and fisheries 
695 |a Vadkár 
695 |a Mezei őz 
695 |a Őzkár 
695 |a Vadkár 
700 1 |a Hagymási László  |e ths 
856 4 0 |u http://diploma.bibl.u-szeged.hu/id/eprint/99637/1/1991_bozo_janosne.pdf  |z Dokumentum-elérés